Elementary fluid mechanics / (Record no. 7997)

MARC details
000 -LEADER
fixed length control field 00872nac a22002651u 4500
008 - FIXED-LENGTH DATA ELEMENTS--GENERAL INFORMATION
fixed length control field 090526s1996 nju|||||rb 001 0 eng d
010 ## - LIBRARY OF CONGRESS CONTROL NUMBER
LC control number 94039840
020 ## - INTERNATIONAL STANDARD BOOK NUMBER
International Standard Book Number 0471013102
020 ## - INTERNATIONAL STANDARD BOOK NUMBER
International Standard Book Number 9780471013105
082 04 - DEWEY DECIMAL CLASSIFICATION NUMBER
Classification number 620.106
Item number STR
Edition number 22
100 1# - MAIN ENTRY--PERSONAL NAME
Personal name Street, Robert L.
9 (RLIN) 5320
245 10 - TITLE STATEMENT
Title Elementary fluid mechanics /
Statement of responsibility, etc Robert L. Street, Gary Z. Watters, John K. Vennard.
250 ## - EDITION STATEMENT
Edition statement 7th ed.
260 ## - PUBLICATION, DISTRIBUTION, ETC. (IMPRINT)
Place of publication, distribution, etc [New York, United States] :
Name of publisher, distributor, etc John Wiley & Sons,
Date of publication, distribution, etc c.1996
Manufacturer (Acid-Free Paper)
300 ## - PHYSICAL DESCRIPTION
Extent xiii, 757 p. :
Other physical details ill. (col.) ;
Dimensions 26 cm.
500 ## - GENERAL NOTE
General note Index : p. 751-757.
500 ## - GENERAL NOTE
General note Includes appendix.
504 ## - BIBLIOGRAPHY, ETC. NOTE
Bibliography, etc Includes bibliographical references.
650 #0 - SUBJECT ADDED ENTRY--TOPICAL TERM
Topical term or geographic name as entry element Fluid mechanics
9 (RLIN) 18746
653 ## - INDEX TERM--UNCONTROLLED
Resource For college
Arrived date list January2014
655 ## - INDEX TERM--GENRE/FORM
Form subdivision
-- 33728
700 1# - ADDED ENTRY--PERSONAL NAME
Personal name Watters, Gary Z.
9 (RLIN) 5322
700 1# - ADDED ENTRY--PERSONAL NAME
Personal name Vennard, John K.
9 (RLIN) 5323
942 ## - ADDED ENTRY ELEMENTS (KOHA)
Item type Book - Borrowing
Call number prefix 620.106 STR
Source of classification or shelving scheme Dewey Decimal Classification
Holdings
Withdrawn status Item status Source of classification or shelving scheme Damaged status Not for loan Vendor Home library Current library Shelving location Date acquired Source of acquisition Total Checkouts Full call number Barcode Date last seen Date last borrowed Koha item type Cost, normal purchase price Total Renewals
    Dewey Decimal Classification       Central Library Central Library First floor 18/02/2008   1 620.106 STR 000009588 15/07/2025 24/02/2009 Book - Borrowing    
    Dewey Decimal Classification       Central Library Central Library First floor 11/04/2010     620.106 STR 000009581 15/07/2025   NB - Book (Non borrowing)    
    Dewey Decimal Classification     Baccah Central Library Central Library First floor 11/04/2010     620.106 STR 000020127 15/07/2025   Book - Borrowing    
    Dewey Decimal Classification     Baccah Central Library Central Library First floor 11/04/2010     620.106 STR 000020129 15/07/2025   Book - Borrowing    
    Dewey Decimal Classification     Baccah Central Library Central Library First floor 20/04/2011     620.106 STR 000023349 15/07/2025   Book - Borrowing 280.00  
    Dewey Decimal Classification     Baccah Central Library Central Library First floor 27/01/2014     620.106 STR 000035498 15/07/2025   Book - Borrowing    
    Dewey Decimal Classification     Baccah Central Library Central Library First floor 27/01/2014     620.106 STR 000035499 15/07/2025   Book - Borrowing    
    Dewey Decimal Classification     Baccah Central Library Central Library First floor 27/01/2014     620.106 STR 000035500 15/07/2025   Book - Borrowing    
    Dewey Decimal Classification     Baccah Central Library Central Library First floor 27/01/2014   1 620.106 STR 000009577 15/07/2025 28/01/2015 Book - Borrowing   10